Quiz sur l'hiver - Statistiques

Statistiques générales
  • Ce quiz a été pris 533 fois
  • Le résultat moyen est 5 sur 15
Statistiques - réponses
Question Réponse % Correct
Quand c'est l'hiver dans l'hémisphère nord, c'est l'___ dans l'hémisphère sud été
100%
C'est la période la plus _______ de l'année. froide
93%
La _____ et la glace sont principalement associées à l'hiver dans l'hémisphère nord. neige
93%
L'adjectif d'hiver Hivernal
79%
Certains calendriers font commencer l'hiver lors du solstice d'hiver, à l'________ de printemps. équinoxe
46%
Stade parisien érigé en 1909 et détruit en 1959. Vélodrome d'Hiver
33%
Encore un autre hiver est une chanson des ________ sortie le 9 janvier 2012. Enfoirés
14%
Un _____ en hiver, c'est l'avant-dernier film du réalisateur français Claude Sautet, sorti en 1992. cœur
6%
Pour survivre à l'hiver, certains animaux ont développé des adaptations physiques et ______________. comportementales
6%
L'année du Grand hiver 1709
5%
C'était l'hiver est une chanson écrite par ______ ______. Francis Cabrel
4%
Ces paroles sont tirées de quel auteur: Mon pays, ce n'est pas un pays, c'est l'hiver Mon jardin, ce n'est pas un jardin, c'est la plaine Gilles Vigneault
4%
Le Carnaval de ______ est le plus important et le plus ancien carnaval d'hiver au monde. Québec
4%
Synonyme de l'hiver russe. Général Hiver
3%
Auteur de Le Macareux islandais et Le Martyre de mademoiselle Iouropa Clarkov Jacques Hiver
2%
Aucun quiz correspondant
Distribution des résultats
% des personnes avec chaque résultat
Percentile par nombre de réponses
Votre historique - résultats
Vous n’avez pas pris ce quiz